00338nam a2200133Ia 45000030006000000080041000060400015000471000021000622450053000832500010001362600029001465460012001750050017001870STCL150530s9999 xx 000 0 und d aSTCLcSTCL aVenkataraman, G. aQuantum Revolution II Qed: The Jewell of Physics aFirst bUniversities pressc1994 aEnglish20220125170135.0